Hablemos del ejercicio físico y de sus beneficios para la salud /
Contenido: I) Beneficios del ejercicio físico; II) Riesgos asociados a la actividad física; III) Fisiología del ejercicio; IV) Consecuencias fisiológicas de la realización de ejercicio regular; V) Alimentación, actividad física y salud; VI) Adecuación de la cantidad y calidad del ejercicio físico a...
Spremljeno u:
| Glavni autor: | |
|---|---|
| Format: | Knjiga |
| Jezik: | španjolski |
| Izdano: |
Madrid, España .
Pearson : Alhambra,
2006, c2006
|
| Teme: | |
| Oznake: |
Bez oznaka, Budi prvi tko označuje ovaj zapis!
|
MARC
| LEADER | 00000nam^a2200000^a^4500 | ||
|---|---|---|---|
| 001 | 000327181 | ||
| 005 | 20250521000000.0 | ||
| 009 | 20260310113828.595 | ||
| 020 | |a 978-84-205-5006-0 | ||
| 020 | |a 84-205-5006-X | ||
| 037 | |a Acervo ITESO - Biblioteca | ||
| 041 | |a ESP | ||
| 082 | |a 613. 71 |b CAI | ||
| 100 | |a Caicoya Gómez-Morán, Martín |e (autor) | ||
| 245 | 1 | 0 | |a Hablemos del ejercicio físico y de sus beneficios para la salud / |c M. Caicoya Gómez-Morán ; pról. de Valentín Fuster. |
| 264 | 4 | |a Madrid, España . |b Pearson : |b Alhambra, |c 2006, c2006 | |
| 300 | |a XIX, 161 p. | ||
| 336 | |a texto |b txt |2 rdacontenido | ||
| 337 | |a sin mediación |b n |2 rdamedio | ||
| 338 | |a volumen |b nc |2 rdasoporte | ||
| 520 | |a Contenido: I) Beneficios del ejercicio físico; II) Riesgos asociados a la actividad física; III) Fisiología del ejercicio; IV) Consecuencias fisiológicas de la realización de ejercicio regular; V) Alimentación, actividad física y salud; VI) Adecuación de la cantidad y calidad del ejercicio físico a los objetivos; VII) Cómo iniciar y mantener la actividad física regular; VIII) Ejercicio físico en niños y ancianos; IX) Calentamiento y estiramiento. | ||
| 649 | |a XX | ||
| 650 | |a Ejercicio Físico - |x Tema Principal | ||
| 650 | |a Promoción de la Salud | ||
| 650 | |a Fisiología | ||
| 650 | |a Salud | ||
| 910 | |a Fondo General | ||
| 920 | |a Impresos - Libros | ||
| 930 | |a Colección General | ||
| 905 | |a 101 | ||
| 901 | |a 0500216081 |b IT1 |c ACC |i C134976 |u 20250521 | ||
| 902 | |a https://opac.biblio.iteso.mx/vufind/Record/000327181 | ||